000 00950nam a2200217Ia 4500
999 _c41550
_d41550
001 8218
003 GE_BSU
005 20240416161202.0
008 181216s2013||||ge |||||||||||||| ||geo||
020 _a19875851
040 _cGE_BSU
041 _ageo
080 _a7.072(051.2) ხ-406
245 _aხელოვნებათმცოდნეობითი ეტიუდები=Studies in art cricism V /
_cრედ. მაია ჭიჭილეიშვილი, სოფიო თავაძე.
264 _aთბილისი :
_bუნივერსალი,
_c2013.
300 _a273 გვ. ;
_c21სმ.
653 _aხელოვნებათმცოდნეობითი ეტიუდები
700 _aჭიჭილეიშვილი, მაია
_eრედაქტორი
_921819
700 _aთავაძე, სოფიო
_eრედაქტორი
_95013
942 _cBK
_2udc